000 00453pab a2200169 454500
008 180718b2012 xxu||||| |||| 00| 0 eng d
100 _aSingh, N.P.
245 _aEffect of sub-prime crisis on the efficiency of Indian stock market - an empirical study
260 _c2012
300 _ap.11-22.
362 _aJan - Mar
650 _aFinancial markets - India
650 _aFinancial markets
773 _aAbhigyan
908 _aN
909 _a96495
999 _c96495
_d96495